<?xml version="1.0" encoding="UTF-8"?>
<marc:record xmlns:marc="http://www.loc.gov/MARC21/slim">
   <marc:leader>00000nam a2200000 a 4500</marc:leader>
   <marc:datafield ind1="1" ind2=" " tag="100">
      <marc:subfield code="a">EMF</marc:subfield>
      <marc:subfield code="4">aut</marc:subfield>
      <marc:subfield code="e">Verfasser/-in</marc:subfield>
   </marc:datafield>
   <marc:datafield ind1="0" ind2="0" tag="245">
      <marc:subfield code="a">Freche Freunde Familien-Kochbuch</marc:subfield>
   </marc:datafield>
   <marc:datafield ind1="0" ind2="0" tag="245">
      <marc:subfield code="b">40 gesunde Rezepte für Groß und Klein</marc:subfield>
   </marc:datafield>
   <marc:datafield ind1=" " ind2="1" tag="264">
      <marc:subfield code="a">Igling</marc:subfield>
      <marc:subfield code="b">EMF</marc:subfield>
      <marc:subfield code="c">2017</marc:subfield>
   </marc:datafield>
   <marc:datafield ind1="1" ind2=" " tag="520">
      <marc:subfield code="a">Quelle: bn.bibliotheksnachrichten (http://www.biblio.at/literatur/bn/index.html); #Autor: Maria Dorrer; #Familienfreundliche Rezepte, bei denen auch kleine HelferInnen gefragt sind. (VL)#In diesem peppigen, bunten Kochbuch findet man 30 vegetarische Rezepte, neun mit Fleisch und ein Rezept mit Fisch. Alle Zutaten sind leicht erhältlich, die Gerichte sind schnell zubereitet, vielfältig und gesund. Da Kinder schon früh Freundschaft mit Obst und Gemüse schließen sollen, macht es Spaß, wenn die Rote Beete Raphael, die Zucchini Zora, die Tomate Tom, die Banane Bob oder der Apfel Alfred in den Kochtopf kommen. Für viele Obst- und Gemüsesorten ist ein alliterierender Name (Karotte Karl, Fenchel Felix, Erdbeere Edda...) kreiert worden und sie werden als lustige Figuren mit Kulleraugen dargestellt. Kinder ab 2 Jahren können bei den Rezepten aktiv und mit Spaß mithelfen. Durch das gemeinsame Tun entwickelt sich ein gesundes Ernährungsbewusstsein, das durch Spiel- und Lernelemente sowie durch lustige Geschichten und Bilder unterstützt wird. Ein alltagstaugliches Kochbuch für alle Familien.</marc:subfield>
   </marc:datafield>
   <marc:datafield ind1=" " ind2=" " tag="020">
      <marc:subfield code="a">9783863558413</marc:subfield>
      <marc:subfield code="9">9783863558413</marc:subfield>
   </marc:datafield>
   <marc:datafield ind1=" " ind2=" " tag="041">
      <marc:subfield code="a">ger</marc:subfield>
   </marc:datafield>
   <marc:datafield ind1=" " ind2=" " tag="300">
      <marc:subfield code="a">95 S.</marc:subfield>
   </marc:datafield>
</marc:record>
